Fundamentos de la política
Saved in:
| Hovedforfatter: | |
|---|---|
| Format: | Bog |
| Sprog: | spansk |
| Udgivet: |
Mendoza
Del Cruzamante
1979
|
| Fag: | |
| Tags: |
Tilføj Tag
Ingen Tags, Vær først til at tagge denne postø!
|
MARC
| LEADER | 00000nam a2200000 a 4500 | ||
|---|---|---|---|
| 001 | UCM5032 | ||
| 003 | CL-VaPUC | ||
| 008 | 020927e19790000ag |||||||||||||||||spa|d | ||
| 082 | 0 | 4 | |a 320.01 |b VAI |2 21 |
| 100 | 0 | |a Vaissière, Jean Marie |e author |9 471323 | |
| 245 | 1 | 0 | |a Fundamentos de la política |
| 300 | |a 218 p | ||
| 942 | |c BK | ||
| 945 | |d 20020927 00:00:00 |a cmena | ||
| 260 | |a Mendoza |b Del Cruzamante |c 1979 | ||
| 650 | 7 | |a FILOSOFIA POLITICA |2 CL-VaPUC |9 471324 | |
| 650 | 0 | |a Verdad |9 313815 | |
| 650 | 0 | |a Libertad |9 255686 | |
| 650 | 0 | |a Desigualdad social |9 349409 | |
| 583 | |a last modification |c 20171010 10:36:20 |k Rodrigo Vera | ||
| 999 | |c 301334 |d 301332 | ||
| 952 | |0 0 |1 0 |4 0 |6 320_010000000000000_VAI_1979 |7 0 |8 P |9 360183 |a BIBEDU |b BIBEDU |c BIBEDU_PB |d 2019-11-21 |i 3834875 |o 320.01 VAI 1979 |p 3834875 |r 2024-01-25 |w 2019-11-21 |y BK |k FIL | ||